[Event "Bundesliga 8990"]
[Site "Germany"]
[Date "1989.??.??"]
[Round "?.7"]
[White "Muehl, Theo"]
[Black "Schindler, Werner"]
[Result "0-1"]
[WhiteElo "2280"]
[BlackElo "2295"]
[PlyCount "94"]
[EventDate "1989.10.??"]
[EventType "team-tourn"]
[EventRounds "15"]
[EventCountry "GER"]
[SourceTitle "GER-chT"]
[Source "ChessBase"]
[SourceDate "1999.07.01"]
[SourceVersion "1"]
[SourceVersionDate "1999.07.01"]
[SourceQuality "1"]
[WhiteTeam "Regensburg"]
[BlackTeam "Kirchheim"]
[WhiteTeamCountry "GER"]
[BlackTeamCountry "GER"]

1. Nf3 c5 2. g3 Nc6 3. Bg2 g6 4. d3 Bg7 5. Nbd2 e6 6. 0-0 d6 7. c3 Nge7 8. e4 0-0 9. Ng5 h6 10. Nh3 Rb8 11. f4 b5 12. Nf3 b4 13. c4 e5 14. Nf2 exf4 15. gxf4 f5 16. Qe2 Kh7 17. Be3 b3 18. a3 Nd4 19. Nxd4 cxd4 20. Bd2 Re8 21. Qf3 Ng8 22. Rae1 fxe4 23. dxe4 Be6 24. Rc1 Qb6 25. Qd3 Nf6 26. Kh1 Nd7 27. Rg1 Nc5 28. Qg3 Bf7 29. Bf3 Rg8 30. Qh3 Qb7 31. f5 gxf5 32. Qxf5+ Kh8 33. Qh3 Be6 34. Qh4 Qf7 35. Rg3 Be5 36. Qxh6+ Qh7 37. Rxg8+ Rxg8 38. Rg1 Rxg1+ 39. Kxg1 Qxh6 40. Bxh6 Bxc4 41. h4 d3 42. Nd1 Na4 43. Bc1 d2 44. Bxd2 Nxb2 45. Nc3 Bd3 46. Kf2 Nc4 47. Ke1 b2 0-1